Hidden Words in Countries Quiz Stats

Quiz Updated Jun 30, 2017

Challenge
Share
Tweet
Embed
Score 0/22 Timer 03:00
6 Plays Today
Word Country % Correct
CHINChina
98.8%
COSTCosta Rica
95.3%
MALTMalta
90.6%
HUNGHungary
90.5%
MARKDenmark
90.3%
ZEALNew Zealand
90.1%
MANYGermany
88.3%
PORESingapore
84.5%
PORTPortugal
83.1%
PAINSpain
82.7%
LAYSMalaysia
80.9%
Word Country % Correct
TONGTonga
80.6%
LANKSri Lanka
80.2%
MACEMacedonia
78.7%
MOLDMoldova
77.7%
DIVEMaldives
76.7%
WAITKuwait
76.5%
GENTArgentina
74.3%
NAMESuriname
71.5%
SCARMadagascar
71.3%
BOUTDjibouti
68.9%
GLADBangladesh
33.9%

You're not logged in!

Compare scores with friends on all Sporcle quizzes.
Sign Up with Email
OR
Log In

You Might Also Like...

Show Comments

Extras

Top Quizzes Today


Score Distribution

Your Account Isn't Verified!

In order to create a playlist on Sporcle, you need to verify the email address you used during registration. Go to your Sporcle Settings to finish the process.